1212 1339 1527 1706 1459 1165 1120 1609 1995 1839 1226 1881 1269 1884 1394 1562 1451 1551 1243 1734 1770 1869 1875 1293 1807 1808 1113 1918 1609 1537 1394 1610 2000 1825 1417 1946 1457 1076 1292 1199 1502 1132 1696 1998 1852 1308 1633 1091 1079 1877 1474 1683 1636 1261 1129 1027 1468 1246 1210 1468 1778 1307 1695 1044 1314 1270 1743 1718 1713 1306 1441 1474 1493 1072 1965 1765 1317 1153 1469 1785 1118 1571 1008 1239 1268 1563 1880 1618 1758 1076 1231 1464 1912 1559 1816 1164 1399 1796 1022 BCNSPRNW ULIB Ver.6.0+V

เปลี่ยนเป็นภาษาไทย

Change to English
 แสดงรายละเอียดบรรณานุกรม
  กลับหน้าหลัก

Brief Record : Get Marc (ISO 2709) : E-mail record : QR code < ปิดหน้าต่าง
LEADER : 00000nam a2200000 a 4500
001    13399128096
003     ULIB
008    220326s2564 th a b 001 0 tha d
020    ^a9786165862097
040    ^abpy
060 04 ^aW20.55.S2^bส867ก
100 0  ^aสุรีย์พันธุ์ วรพงศธร
245 10 ^aการกำหนดขนาดตัวอย่างสำหรับงานวิจัยทางวิทยาศาสตร์สุขภาพ /^cสุรีย์พันธุ์วรพงศธร
250    ^aพิมพ์ครั้งที่ 1
260    ^aเชียงใหม่ :^bวนิดาการพิมพ์,^c2564
300    ^aก-ถ, 308 หน้า :^bภาพประกอบ ;^c26 ซม.
504    ^aมีบรรณานุกรมและดัชนี
505 0  ^aความรู้พื้นฐานในการแจกแจงความน่าจะเป็นของตัวแปรสุ่ม --การกำหนดขนาดตัวอย่างสำหรับงานวิจัยแบบสำรวจ --การกำหนดขนาดตัวอย่างสำหรับงานวิจัยแบบทดลอง --การกำหนดขนาดตัวอย่างโดยใช้โปรแกรมสำเร็จรูป --ข้อผิดพลาดในการใช้วิธีเลือกตัวอย่างและคำนวณขนาดตัวอย่างในงานวิจัย
650  4 ^aวิทยาศาสตร์สุขภาพ^xวิจัย
650  4 ^aวิจัย^xกลุ่มตัวอย่าง
945    ^p399^l0^i29321
945    ^p399^l0^i29322
945    ^p399^l0^i29323
945    ^p399^l0^i29324
945    ^p399^l0^i29325
995    ^aกัณชพร จุลอักษร
999    ^aกัณชพร
รายการนี้ยังไม่มีแท็ก
คุณยังไม่ได้ล็อกอิน คุณสามารถมีกิจกรรมร่วมกับเว็บไซต์ได้ แต่ต้องล็อกอินก่อน ::
  ล็อกอิน

รายการสื่อสารสนเทศ

ลำดับที่ ประเภท เลขเรียก/บาร์โค้ด สถานที่ สถานะ
1. หนังสือสำรอง
หนังสือสำรอง
W20.55.S2 ส867ก ฉ.1 
  Barcode: 29321
ห้องสมุดวิทยาเขตนครสวรรค์
►หนังสือทั่วไป:l:General Books
บนชั้น
2. วิทยาศาสตร์การแพทย์ และสุขภาพ
วิทยาศาสตร์การแพทย์ และสุขภาพ
W20.55.S2 ส867ก ฉ.2 
  Barcode: 29322
ห้องสมุดวิทยาเขตนครสวรรค์
►หนังสือทั่วไป:l:General Books
บนชั้น
3. วิทยาศาสตร์การแพทย์ และสุขภาพ
วิทยาศาสตร์การแพทย์ และสุขภาพ
W20.55.S2 ส867ก ฉ.3 
  Barcode: 29323
ห้องสมุดวิทยาเขตนครสวรรค์
►หนังสือทั่วไป:l:General Books
บนชั้น
4. วิทยาศาสตร์การแพทย์ และสุขภาพ
วิทยาศาสตร์การแพทย์ และสุขภาพ
W20.55.S2 ส867ก ฉ.4 
  Barcode: 29324
ห้องสมุดวิทยาเขตนครสวรรค์
►หนังสือทั่วไป:l:General Books
บนชั้น
5. วิทยาศาสตร์การแพทย์ และสุขภาพ
วิทยาศาสตร์การแพทย์ และสุขภาพ
W20.55.S2 ส867ก ฉ.5 
  Barcode: 29325
ห้องสมุดวิทยาเขตนครสวรรค์
►หนังสือทั่วไป:l:General Books
บนชั้น

รายการใกล้เคียง
    ผู้แต่ง [สุรีย์พันธุ์ วรพงศธร]

BibComment


ยังไม่เคยถูกคอมเมนท์

คอมเมนท์ทรัพยากรรายการนี้
  คอมเมนท์: การกำหนดขนาดตัวอ..


 Copyright 2026. Bcnsprnw @Library